000 00203nam a2200109Ia 4500
100 _a#N/A
942 _cBK
654 _avlsi
245 _aVLSI Circuits
260 _bJohn wiley
_c2002
546 _aENGLISH
999 _c26885
_d26885